| 000 | 00731nam a2200205Ia 4500 | ||
|---|---|---|---|
| 003 | GCL | ||
| 008 | 140319s9999 xx 000 0 ara d | ||
| 040 |
_aGCL / _cGCL |
||
| 082 | 0 | 4 |
_a212 _bع ا |
| 100 | 1 | _aالغزالى : حجة الاسلام ابو حامد محمد بن محمد بن محمد بن احمد الطوسى | |
| 245 | 1 | 0 |
_aالادب فى الدين / _cالغزالى : حجة الاسلام ابو حامد محمد بن محمد بن محمد بن احمد الطوسى |
| 260 |
_a[S.N] : _bدار مكتبة الحياة |
||
| 300 | _a86 | ||
| 490 | _a | ||
| 650 | 0 | 4 | _aالاسلام |
| 650 | 0 | 4 | _aالمرأة |
| 650 | 0 | 4 | _aالحج |
| 650 | 0 | 4 | _aالجهاد فى الاسلام |
| 942 |
_2ddc _cBK |
||
| 999 |
_c54200 _d54200 |
||